| 000 -CABECERA |
| Longitud fija campo de control |
00517nam a2200145 a 4500 |
| 001 - NÚMERO DE CONTROL |
| Número de control |
5554 |
| 003 - IDENTIFICADOR DEL NÚMERO DE CONTROL |
| Identificador del número de control |
CDMR |
| 005 - FECHA Y HORA DE LA ÚLTIMA TRANSACCIÓN |
| Fecha y hora de la última transacción |
20131028161850.0 |
| 008 - CÓDIGOS DE INFORMACIÓN DE LONGITUD FIJA |
| Códigos de información de longitud fija |
130130s2006||||||||||||||||||||||||||||d |
| 040 ## - FUENTE DE LA CATALOGACIÓN |
| Centro catalogador de origen |
CDMR |
| Lengua de catalogación |
cat |
| Centro transcriptor |
CPC GIRONA |
| 245 #2 - MENCIÓN DE TÍTULO |
| Título |
La construcció de la societat responsable |
| Resto del título |
: seminari : Barcelona, 14 de desembre de 2005 |
| 260 ## - PUBLICACIÓN, DISTRIBUCIÓN, ETC. (PIE DE IMPRENTA) |
| Fecha de publicación, distribución, etc. |
2006 |
| Nombre del editor, distribuidor, etc. |
Centre d'Estudis Jordi Pujol |
| Lugar de publicación, distribución, etc. |
Barcelona |
| 856 40 - LOCALIZACIÓN Y ACCESO ELECTRÓNICO |
| Identificador Uniforme del Recurso (URI) |
<a href="http://www.jordipujol.cat/files/articles/construccio_de_la_societat.pdf">http://www.jordipujol.cat/files/articles/construccio_de_la_societat.pdf</a> |
| Texto del enlace |
Disponible en línia (PDF) |
| 942 ## - ENTRADA DE ELEMENTOS AGREGADOS (KOHA) |
| Koha [por defecto] tipo de item |
Monografies |
| Fuente de clasificaión o esquema |
|